UBT Library

Architectural drawing and light construction / (Record no. 40844)

000 -LEADER
fixed length control field 00733cam a22002294a 4500
001 - CONTROL NUMBER
control field 12356431
005 - DATE AND TIME OF LATEST TRANSACTION
control field 20180124050002.0
008 - FIXED-LENGTH DATA ELEMENTS--GENERAL INFORMATION
fixed length control field 010323s2002 njuab 001 0 eng
010 ## - LIBRARY OF CONGRESS CONTROL NUMBER
LC control number 2001021676
020 ## - INTERNATIONAL STANDARD BOOK NUMBER
International Standard Book Number 0130271586
040 ## - CATALOGING SOURCE
Original cataloging agency DLC
Transcribing agency DLC
Modifying agency DLC
041 ## - LANGUAGE CODE
Language code of text/sound track or separate title eng
042 ## - AUTHENTICATION CODE
Authentication code pcc
080 ## - UNIVERSAL DECIMAL CLASSIFICATION NUMBER
Universal Decimal Classification number 720.284 mul
082 00 - DEWEY DECIMAL CLASSIFICATION NUMBER
Classification number 720.284 mul
Edition number 21
100 1# - Rafti
Rafti 41
101 ## - Shkurtesa
Shkurtesa ark
245 10 - TITLE STATEMENT
Title Architectural drawing and light construction /
Statement of responsibility, etc Edward J. Muller, James G. Fausett, Philip A. Grau, III.
906 ## - LOCAL DATA ELEMENT F, LDF (RLIN)
a 7
b cbc
c orignew
d 1
e ocip
f 20
g y-gencatlg
942 ## - ADDED ENTRY ELEMENTS (KOHA)
Source of classification or shelving scheme
Item type Books
Holdings
Withdrawn status Lost status Source of classification or shelving scheme Damaged status Not for loan Collection code Permanent location Current location Shelving location Date acquired Total Checkouts Full call number Barcode Date last seen Price effective from Koha item type
          Koleksioni i përgjithshem UBT - Lipjan UBT - Lipjan Koleksioni i përgjithshem 01/24/2018   720.284 mul 002-2995943 01/24/2018 01/24/2018 Books
UBT Library © 2015-2024. All rights reserved University Education for Business and Technology